LEADER 00396naa a2200133 i 4500 001 000000297319 003 CaOOAMICUS 005 20180831172602.0 008 180831n xx u000 u und u 013 $a4846 040 $aSeMil$bita 100 1 $aSavarese, Nicola.$0(OLS)http://semarc/name/85142 245 10$aDal Titanic al Giro di vite. 996 $6245$aDal Titanic al Giro di vite$9(OLS)http://semarc/title/373354 LEADER 01303nam a2200205 i 4500 001 000000246563 003 CaOOAMICUS 005 20151117000000.0 008 151117s1851 it u000 u ita u 013 $a225468 040 $aSeMil$bita 245 10$aVol. 2. 300 $a649, CXXII p., [8] carte di tav. :$bill. 490 0 $aTesoro cattolico. Classe 1., Dogmatica, polemica e filosofia morale : scelta di opere antiche e moderne atte a sanar le piaghe religiose e politiche che affliggono l'odierna società ;$v3 773 0 $aGaume, Joseph <1802-1879>$tCatechismo di perseveranza, ovvero Esposizione storica, dogmatica, morale e liturgica della religione dall'origine del mondo fino ai nostri giorni.$bVersione italiana sulla 4. ed. parigina aumentata di note sulla geologia.$dNapoli : A spese della Società Editrice, 1850-1851.$g2$w()32812 830 0$aTesoro cattolico. Classe 1., Dogmatica, polemica e filosofia morale : scelta di opere antiche e moderne atte a sanar le piaghe religiose e politiche che affliggono l'odierna società ;$v3.$0(OLS)http://semarc/title/44422 850 $aSeMil 852 $aSeMil$W1$xVenegono$y1$m3H VII 3 FA$j196909$B196909$CSeMilBibl$Z2$F207931 $8I 961 $aOmaggio: Biblioteca Seminario Duomo 996 $6245$aVol. 2$9(OLS)http://semarc/title/13458